| 000 | 00416nam a2200145Ia 4500 | ||
|---|---|---|---|
| 008 | 230917s9999||||xx |||||||||||||| ||und|| | ||
| 040 |
_e194829 _aMAIN |
||
| 041 | _aEnglish | ||
| 082 | _a362.20422 C349S | ||
| 100 | _aChakraborty, Ajita | ||
| 245 | 0 | _aSocial stress and mental health: A social-psychiatric field study of Calcutta | |
| 260 |
_aNew Delhi` _bSage Publications _c1990 |
||
| 300 | _a200 p. | ||
| 942 | _cBK | ||
| 999 |
_c70915 _d70915 |
||